000 00253nam a2200109Ia 4500
008 200302s9999 xx 000 0 und d
100 _aSergi Costa Duran & Other
245 _aRoof Design
260 _bDaab Gmbh Published
260 _c2007
300 _a399
999 _c3398
_d3398